000
00294nam a2200109Ia 4500
008
231219s9999 xx 000 0 und d
041
_a
eng
100
_a
Rudiger Donbusch and Stanley Fischer
245
_a
Macro - Economics
260
_b
Tata Mcgrawhill Pub Co, NewDelhi
650
_a
Management
999
_c
978315
_d
978315